ARRUPE JESUIT UNIVERSITY

CORONAVIRUS -STOP THE SPREAD - CLEAN,DISINFECT,COVER

The New Testament (Record no. 130481)

MARC details
000 -LEADER
fixed length control field 00391nam a22001337a 4500
008 - FIXED-LENGTH DATA ELEMENTS--GENERAL INFORMATION
fixed length control field 201015b ||||| |||| 00| 0 eng d
020 ## - INTERNATIONAL STANDARD BOOK NUMBER
International Standard Book Number 9781844173242
050 ## - LIBRARY OF CONGRESS CALL NUMBER
Classification number BS 2095.K58 2004
245 ## - TITLE STATEMENT
Title The New Testament
Statement of responsibility, etc translated by Nicholas King
260 ## - PUBLICATION, DISTRIBUTION, ETC. (IMPRINT)
Place of publication, distribution, etc Buxhall:
Name of publisher, distributor, etc Kevin Mayhew;
Date of publication, distribution, etc 2004.
300 ## - PHYSICAL DESCRIPTION
Extent 654p.;
Other physical details 22cm.
700 ## - ADDED ENTRY--PERSONAL NAME
Personal name Nicholas, king
Relator term tr.
9 (RLIN) 49803
942 ## - ADDED ENTRY ELEMENTS (KOHA)
Source of classification or shelving scheme Library of Congress Classification
Item type Monograph ( Printed materials)
Holdings
Withdrawn status Lost status Source of classification or shelving scheme Damaged status Not for loan Collection code Home library Current library Shelving location Date acquired Total Checkouts Full call number Barcode Date last seen Price effective from Koha item type
    Library of Congress Classification     Main Collection ARRUPE LIBRARY ARRUPE LIBRARY Main Collection 15/10/2020   BS 2095.K58 2004 46600008355 15/10/2020 15/10/2020 Monograph ( Printed materials)

 

Arrupe Library. PO Box MP320 Mt Pleasant, Harare, Zimbabwe
263 242 745411|librarian@aju.ac.zw